French colonies Map Quiz - Statistics

General Stats
  • This quiz has been taken 350 times
    313 since last reset
  • The average score is 14 of 21
Answers on the Map
Answers color-coded by a green-red scale on the quiz's map according to % correct below.
 
Answer Stats
Answer % Correct
Algeria
97%
Morocco
95%
Tunisia
94%
French Guiana
90%
Madagascar
90%
Syria/Lebanon
90%
Cameroon
82%
French Indochina
80%
French West Africa
73%
Comoros
69%
Togo
66%
French Somaliland
61%
French Establishments in Oceania
57%
New Hebrides
56%
New Caledonia
48%
Reunion
48%
French Equatorial Africa
42%
Saint Pierre and Miquelon
39%
French India
35%
Wallis and Futuna
29%
French West Indies
21%
No matching quizzes found
Score Distribution
Percent of People with Each Score
Percentile by Number Answered
Your Score History
You have not taken this quiz since the last reset